Vývoj SPME Arrow techniky na analýzu vzoriek vína

Salvato in:
Dettagli Bibliografici
Autore principale: Királyová, Vivien (Autore)
Altri autori: Vyviurska, Olga (Relatore della tesi)
Natura: Manoscritto Libro
Lingua:slovacco
Pubblicazione: 2024
Soggetti:
Accesso online:http://is.stuba.sk/zp/portal_zp.pl?podrobnosti=177023
Tags: Aggiungi Tag
Nessun Tag, puoi essere il primo ad aggiungerne!!

MARC

LEADER 00000ntm a22000003a 4500
001 stuzp99336
003 SK-STU
005 20240601210634.5
007 ta
008 150427s2015----xo-----f-mn---000-0-slo-d
040 |a STU  |b slo 
041 0 |a slo 
100 1 |a Királyová, Vivien  |u 041000  |4 aut  |U FCHPT Fakulta chemickej a potravinárskej technológie  |T FCHPT Ústav analytickej chémie  |X 104717  |U C1000  |Y 99  |7 104717 
242 0 1 |a Development of SPME Arrow technique for analysis of wine samples  |y eng 
245 1 0 |a Vývoj SPME Arrow techniky na analýzu vzoriek vína 
260 |c 2024 
650 4 |a SPME Arrow  |2 slo 
650 4 |a víno  |2 slo 
650 4 |a biogénne amíny  |2 slo 
650 4 |a plynová chromatografia  |2 slo 
650 4 |a biogenic amines  |2 eng 
650 4 |a SPME Arrow  |2 eng 
650 4 |a wine  |2 eng 
650 4 |a gas chromatography  |2 eng 
700 1 |a Vyviurska, Olga  |u 041000  |k Z1  |4 ths  |U FCHPT Fakulta chemickej a potravinárskej technológie  |T FCHPT Ústav analytickej chémie  |X 45099  |U C1000  |Y 99  |7 A0000045099 
856 4 |u http://is.stuba.sk/zp/portal_zp.pl?podrobnosti=177023